<?xml version="1.0" encoding="UTF-8"?>
<record
    xmlns:xsi="http://www.w3.org/2001/XMLSchema-instance"
    xsi:schemaLocation="http://www.loc.gov/MARC21/slim http://www.loc.gov/standards/marcxml/schema/MARC21slim.xsd"
    xmlns="http://www.loc.gov/MARC21/slim">

  <leader>02207naa a22003011i 4500</leader>
  <controlfield tag="001">1464</controlfield>
  <controlfield tag="003">KOSZ 005</controlfield>
  <controlfield tag="005">20180228134646.0</controlfield>
  <controlfield tag="008">141103s1999    pl  n  f     |100  0lpo d</controlfield>
  <datafield tag="040" ind1=" " ind2=" ">
    <subfield code="c">BPK</subfield>
    <subfield code="d">KOSZ 005/ac</subfield>
  </datafield>
  <datafield tag="041" ind1=" " ind2=" ">
    <subfield code="a">pol</subfield>
  </datafield>
  <datafield tag="044" ind1=" " ind2=" ">
    <subfield code="a">POL</subfield>
  </datafield>
  <datafield tag="100" ind1="1" ind2=" ">
    <subfield code="a">KUKIE&#x141;KA, Leon.</subfield>
    <subfield code="d">1996 - .</subfield>
    <subfield code="b">Politechnika Koszali&#x144;ska - Wydzia&#x142; Mechaniczny,</subfield>
    <subfield code="c">Katedra Maszyn Roboczych</subfield>
  </datafield>
  <datafield tag="245" ind1="1" ind2="0">
    <subfield code="a">Zastosowanie metod optymalizacji do wyprowadzenia r&#xF3;wnania transportu ciep&#x142;a w procesie nagniatania z elektrokontaktowym nagrzewaniem /</subfield>
    <subfield code="c">Leon Kukie&#x142;ka, Marcin Przybylski, Marek &#x141;ukojko.</subfield>
  </datafield>
  <datafield tag="246" ind1="3" ind2="1">
    <subfield code="a">Application a method of optimalization to derive the equation of heat transfer in the burnishing rolling process with electrical current</subfield>
  </datafield>
  <datafield tag="260" ind1=" " ind2=" ">
    <subfield code="c">1999.</subfield>
  </datafield>
  <datafield tag="500" ind1=" " ind2=" ">
    <subfield code="a">Dane z autopsji.</subfield>
  </datafield>
  <datafield tag="520" ind1=" " ind2=" ">
    <subfield code="a">W pracy przedstawiono fizyczny i matematyczny model procesu nagniatania tocznego z elektrokontaktowym nagrzewaniem. Analityczne rozwi&#x105;zanie takiego modelu wraz z warunkami pocz&#x105;tkowymi i brzegowymi jest niemo&#x17C;liwe. Mo&#x17C;liwe jest natomiast rozwi&#x105;zanie przybli&#x17C;one na drodze numerycznej. W tym celu niezb&#x119;dne jest odmienne podej&#x15B;cie do sformu&#x142;owania r&#xF3;wnania transportu ciep&#x142;a. W pracy podano efektywny spos&#xF3;b wyprowadzenia takiego r&#xF3;wnania przez wykorzystanie metod optymalizacji.</subfield>
  </datafield>
  <datafield tag="650" ind1=" " ind2="0">
    <subfield code="a">Nagniatanie.</subfield>
  </datafield>
  <datafield tag="650" ind1=" " ind2="0">
    <subfield code="a">Optymalizacja.</subfield>
  </datafield>
  <datafield tag="650" ind1=" " ind2="0">
    <subfield code="a">Ciep&#x142;o - pomiary - urz&#x105;dzenia.</subfield>
  </datafield>
  <datafield tag="655" ind1=" " ind2="0">
    <subfield code="a">Materia&#x142;y konferencyjne.</subfield>
  </datafield>
  <datafield tag="700" ind1="1" ind2=" ">
    <subfield code="a">PRZYBYLSKI, Marcin.</subfield>
    <subfield code="d">1996 - 2006.</subfield>
    <subfield code="b">Politechnika Koszali&#x144;ska - Wydzia&#x142; Mechaniczny,</subfield>
    <subfield code="c">Katedra In&#x17C;ynierii Produkcji</subfield>
  </datafield>
  <datafield tag="700" ind1="1" ind2=" ">
    <subfield code="a">&#x141;UKOJKO, Marek.</subfield>
    <subfield code="d">1996 - 2005.</subfield>
    <subfield code="b">Politechnika Koszali&#x144;ska - Wydzia&#x142; Mechaniczny,</subfield>
    <subfield code="c">Centrum Komputerowe</subfield>
  </datafield>
  <datafield tag="711" ind1="2" ind2="2">
    <subfield code="a">Og&#xF3;lnopolska Konferencja Polioptymalizacja i Komputerowe Wspomaganie Projektowania</subfield>
    <subfield code="n">(17 ;</subfield>
    <subfield code="d">1999 ;</subfield>
    <subfield code="c">Koszalin / Mielno, Polska).</subfield>
    <subfield code="p">Mielno'99</subfield>
  </datafield>
  <datafield tag="773" ind1="0" ind2=" ">
    <subfield code="i">W :</subfield>
    <subfield code="t">Polioptymalizacja i Komputerowe Wspomaganie Projektowania, Mielno '99 : materia&#x142;y XVII Og&#xF3;lnopolskiej Konferencji. -</subfield>
    <subfield code="d">Koszalin : Wydaw. Uczeniane Politechniki Koszali&#x144;skiej, 1999. -</subfield>
    <subfield code="k">Zeszyty Naukowe Wydzia&#x142;u Mechanicznego Politechniki Koszali&#x144;skiej; Nr 26</subfield>
    <subfield code="g">s. 156-161</subfield>
  </datafield>
  <datafield tag="942" ind1=" " ind2=" ">
    <subfield code="c">ROZ</subfield>
    <subfield code="2">UKD</subfield>
  </datafield>
  <datafield tag="999" ind1=" " ind2=" ">
    <subfield code="c">1464</subfield>
    <subfield code="d">1464</subfield>
  </datafield>
  <datafield tag="952" ind1=" " ind2=" ">
    <subfield code="0">0</subfield>
    <subfield code="1">0</subfield>
    <subfield code="4">0</subfield>
    <subfield code="7">0</subfield>
    <subfield code="a">BPK</subfield>
    <subfield code="b">BPK</subfield>
    <subfield code="o">0100</subfield>
    <subfield code="y">ROZ</subfield>
  </datafield>
</record>
